000 00896nam a2200325Ia 4500
008 170203s9999 xx 000 0 und d
020 _a0 439754593
050 _a413
050 _bH293p 2005
100 _aHarper, Don.
245 _aPet dictionary :
245 _ban A to Z of animal companions /
245 _cDon Harper.
260 _aNew York :
260 _bTangerine Press.
260 _c2005
300 _a64 pages :
300 _bcolor illustrations ;
300 _c31 cm.
500 _aOriginally published by Andromeda Children's Books, London, 2005; Includes index.
650 _aHousehold animals --
650 _aHousehold animals --
650 _aHousehold animals.
650 _aPets --
650 _aPets --
650 _xDictionaries, Juvenile.
650 _xDictionaries, Juvenile.
650 _xDictionaries.
650 _xDictionaries.
999 _c305688
_d305688